[Event "Pinneberg-ch"]
[Site "Pinneberg"]
[Date "2018.08.23"]
[Round "2"]
[White "Engels, Jan"]
[Black "Linke, Harry"]
[Result "0-1"]
[WhiteElo "1231"]
[BlackElo "1520"]
[PlyCount "54"]
[EventDate "2018.08.16"]
[EventType "swiss"]
[EventRounds "7"]
[EventCountry "GER"]
[SourceTitle "EXT 2019"]
[Source "ChessBase"]
[SourceDate "2018.10.10"]
[SourceVersion "1"]
[SourceVersionDate "2018.10.10"]
[SourceQuality "1"]

1. d4 d5 2. Nf3 Nf6 3. e3 Ne4 4. Bd3 c5 5. 0-0 c4 6. Be2 Nc6 7. Bd2 e6 8. a3 b5 9. Nc3 a6 10. Re1 Bd6 11. Ne5 Nxe5 12. Nxe4 dxe4 13. dxe5 Bxe5 14. Bc3 Qxd1 15. Rexd1 Bxc3 16. bxc3 0-0 17. Rd4 Bb7 18. Rad1 f5 19. f3 Bd5 20. f4 Kf7 21. Ra1 Kf6 22. Kf2 h5 23. Rg1 Rh8 24. Rdd1 a5 25. Rb1 Rab8 26. h4 e5 27. fxe5+ Kxe5 0-1

[Event "Pinneberg-ch"]
[Site "Pinneberg"]
[Date "2015.09.17"]
[Round "4"]
[White "Linke, Harry"]
[Black "Van Riesen, Klaus"]
[Result "0-1"]
[WhiteElo "1535"]
[BlackElo "1975"]
[PlyCount "49"]
[EventDate "2015.08.28"]
[EventType "swiss"]
[EventRounds "7"]
[EventCountry "GER"]
[SourceTitle "EXT 2017"]
[Source "ChessBase"]
[SourceDate "2016.10.25"]
[SourceVersion "1"]
[SourceVersionDate "2016.10.25"]
[SourceQuality "1"]

1. e4 c5 2. Ne2 d6 3. g3 Nc6 4. Bg2 g6 5. c3 Bg7 6. d4 cxd4 7. cxd4 Bg4 8. f3 Bd7 9. Nbc3 Nf6 10. g4 0-0 11. h3 Rc8 12. a3 Na5 13. b3 Ne8 14. Rb1 e5 15. g5 exd4 16. Nxd4 Rxc3 17. Qd2 Rc8 18. h4 Nc6 19. Bb2 Qb6 20. Nxc6 Bxc6 21. Bxg7 Nxg7 22. Bf1 Rfe8 23. Rh2 d5 24. Re2 dxe4 25. fxe4 0-1

[Event "Pinneberg-ch"]
[Site "Pinneberg"]
[Date "2015.08.28"]
[Round "1"]
[White "Wulf von Moers, Jens"]
[Black "Linke, Harry"]
[Result "1-0"]
[WhiteElo "2181"]
[BlackElo "1535"]
[PlyCount "74"]
[EventDate "2015.08.28"]
[EventType "swiss"]
[EventRounds "7"]
[EventCountry "GER"]
[SourceTitle "EXT 2017"]
[Source "ChessBase"]
[SourceDate "2016.10.25"]
[SourceVersion "1"]
[SourceVersionDate "2016.10.25"]
[SourceQuality "1"]

1. c4 c5 2. g3 Nf6 3. Bg2 e6 4. Nf3 d5 5. 0-0 Nc6 6. b3 Be7 7. e3 dxc4 8. bxc4 Qd3 9. Qb3 Qxb3 10. axb3 e5 11. Bb2 e4 12. Ng5 Bf5 13. Nc3 Rd8 14. Ncxe4 Nxe4 15. Nxe4 0-0 16. Bc3 a6 17. f4 Bg4 18. Nf2 Be2 19. Rfc1 Bd3 20. Nxd3 Rxd3 21. Bxc6 bxc6 22. Rxa6 Bf6 23. Ba5 Rxb3 24. Rxc6 Be7 25. Rb6 Ra3 26. Bc3 Ra4 27. e4 Rxc4 28. e5 Re8 29. Rb7 Bf8 30. Ra1 Be7 31. Raa7 Kf8 32. Kf2 Re4 33. d3 c4 34. dxe4 Bc5+ 35. Kf3 Bxa7 36. Rxa7 Rd8 37. Bb4+ Kg8 1-0

[Event "Pinneberg op Seniors 15th"]
[Site "Pinneberg"]
[Date "2014.??.??"]
[Round "7"]
[White "Linke, Harry"]
[Black "Dunst, Martin"]
[Result "1-0"]
[WhiteElo "1566"]
[BlackElo "1363"]
[PlyCount "57"]
[EventDate "2014.07.03"]
[EventType "swiss"]
[EventRounds "7"]
[EventCountry "GER"]
[SourceTitle "EXT 2017"]
[Source "ChessBase"]
[SourceDate "2016.10.25"]
[SourceVersion "1"]
[SourceVersionDate "2016.10.25"]
[SourceQuality "1"]

1. e4 e5 2. Nf3 d6 3. d4 exd4 4. Qxd4 Nc6 5. Bb5 Bd7 6. Bxc6 bxc6 7. 0-0 c5 8. Qc3 Nf6 9. e5 Nd5 10. Qd2 Be6 11. Ng5 Qd7 12. Nxe6 fxe6 13. c4 Nb6 14. exd6 cxd6 15. b3 Be7 16. Bb2 Bf6 17. Nc3 a6 18. Rad1 Rd8 19. Ne4 0-0 20. Bxf6 gxf6 21. Qxd6 f5 22. Qxd7 Nxd7 23. Ng5 Rfe8 24. Rd6 Nf8 25. Rxa6 e5 26. Rf6 f4 27. Ne4 Ne6 28. Rxe6 Rxe6 29. Nxc5 1-0

[Event "Pinneberg-ch"]
[Site "Pinneberg"]
[Date "2014.??.??"]
[Round "6"]
[White "Linke, Harry"]
[Black "Zimmermann, Manfred"]
[Result "1-0"]
[WhiteElo "1567"]
[BlackElo "1490"]
[PlyCount "69"]
[EventDate "2014.08.21"]
[EventType "swiss"]
[EventRounds "7"]
[EventCountry "GER"]
[SourceTitle "EXT 2017"]
[Source "ChessBase"]
[SourceDate "2016.10.25"]
[SourceVersion "1"]
[SourceVersionDate "2016.10.25"]
[SourceQuality "1"]

1. e4 c5 2. Ne2 d6 3. g3 Nf6 4. Bg2 Nc6 5. 0-0 Bg4 6. f3 Bd7 7. c3 e5 8. d3 Be7 9. h3 0-0 10. f4 h6 11. f5 Nh7 12. Kh2 Qc7 13. Ng1 Bg5 14. Nd2 a6 15. h4 Bxd2 16. Bxd2 f6 17. Bf3 Be8 18. Bh5 Bxh5 19. Qxh5 Qf7 20. Qg6 Kh8 21. Nh3 Ne7 22. Qxf7 Rxf7 23. g4 Ng8 24. g5 fxg5 25. hxg5 hxg5 26. Rg1 Ngf6 27. Nxg5 Nxg5 28. Bxg5 Kg8 29. Rh1 Nh7 30. Bh4 Nf6 31. Rag1 Raf8 32. Rg6 Kh7 33. Bf2 Kg8 34. d4 cxd4 35. cxd4 1-0

[Event "Pinneberg-ch"]
[Site "Pinneberg"]
[Date "2013.09.05"]
[Round "5"]
[White "Linke, Harry"]
[Black "Kehr, Hans Joachim"]
[Result "1-0"]
[WhiteElo "1689"]
[BlackElo "1986"]
[PlyCount "76"]
[EventDate "2013.08.08"]
[EventType "swiss"]
[EventRounds "7"]
[EventCountry "GER"]
[SourceTitle "EXT 2017"]
[Source "ChessBase"]
[SourceDate "2016.10.25"]
[SourceVersion "1"]
[SourceVersionDate "2016.10.25"]
[SourceQuality "1"]

1. e4 c6 2. f4 d5 3. Nc3 g6 4. d4 dxe4 5. Nxe4 Bg7 6. c3 Nf6 7. Nxf6+ Bxf6 8. Nf3 0-0 9. Bc4 Bf5 10. 0-0 Nd7 11. a4 a5 12. Ne5 Nb6 13. Ba2 Nd5 14. g4 Bc8 15. f5 Qb6 16. Nc4 Qc7 17. g5 Bh8 18. fxg6 hxg6 19. Qf3 Be6 20. Bf4 Qc8 21. Ne5 Nxf4 22. Qxf4 Bxa2 23. Rxa2 Qe6 24. c4 Rad8 25. b3 c5 26. Qg4 Qxg4+ 27. Nxg4 Bxd4+ 28. Kg2 Bg7 29. Rf3 Rd4 30. Ne3 Rd3 31. Nd5 Rxf3 32. Nxe7+ Kh7 33. Kxf3 Re8 34. Re2 Bf8 35. Nxg6 Rd8 36. Nxf8+ Rxf8 37. Re7 Kg6 38. h4 Rd8 1-0

[Event "Pinneberg-ch"]
[Site "Pinneberg"]
[Date "2011.09.22"]
[Round "6"]
[White "Linke, Harry"]
[Black "Schmidt, Roland"]
[Result "1/2-1/2"]
[WhiteElo "1580"]
[BlackElo "1761"]
[PlyCount "82"]
[EventDate "2011.08.18"]
[EventType "swiss"]
[EventRounds "7"]
[EventCountry "GER"]
[SourceTitle "CBM 144 Extra"]
[Source "ChessBase"]
[SourceDate "2011.10.28"]
[SourceVersion "1"]
[SourceVersionDate "2011.10.28"]
[SourceQuality "1"]

1. e4 d5 2. exd5 Nf6 3. Bb5+ Bd7 4. Bxd7+ Qxd7 5. c4 c6 6. Nc3 cxd5 7. cxd5 Nxd5 8. Nxd5 Qxd5 9. Qf3 Qc6 10. d3 e5 11. Bd2 Qb6 12. Bc3 Nc6 13. Ne2 Bc5 14. 0-0 0-0 15. a3 Nd4 16. Bxd4 Bxd4 17. Nxd4 Qxd4 18. b4 b6 19. Qe3 Rfd8 20. Rfd1 Rac8 21. Qxd4 Rxd4 22. Kf1 g6 23. Ke2 f5 24. f3 Rc2+ 25. Rd2 Rc3 26. g3 Kf7 27. h4 Kf6 28. Ke3 h6 29. f4 Rd7 30. fxe5+ Kxe5 31. a4 Rb3 32. b5 g5 33. hxg5 hxg5 34. a5 f4+ 35. gxf4+ gxf4+ 36. Ke2 Rxb5 37. axb6 axb6 38. Ra4 Ra5 39. Re4+ Kf5 40. Kf3 Rad5 41. Rxf4+ Kg6 1/2-1/2

[Event "Pinneberg-ch"]
[Site "Pinneberg"]
[Date "2011.09.08"]
[Round "4"]
[White "Grothkopp, Dietrich"]
[Black "Linke, Harry"]
[Result "1-0"]
[WhiteElo "1711"]
[BlackElo "1580"]
[PlyCount "111"]
[EventDate "2011.08.18"]
[EventType "swiss"]
[EventRounds "7"]
[EventCountry "GER"]
[SourceTitle "CBM 144 Extra"]
[Source "ChessBase"]
[SourceDate "2011.10.28"]
[SourceVersion "1"]
[SourceVersionDate "2011.10.28"]
[SourceQuality "1"]

1. d4 d5 2. c4 dxc4 3. e4 e5 4. Nf3 exd4 5. Qxd4 Qxd4 6. Nxd4 Bd7 7. Bxc4 Bb4+ 8. Bd2 Bxd2+ 9. Nxd2 Ne7 10. f4 Nbc6 11. N4f3 0-0 12. 0-0 h6 13. Rac1 a6 14. a3 b5 15. Ba2 Be6 16. Bxe6 fxe6 17. g3 Ra7 18. Rc5 Nd8 19. Rfc1 c6 20. Ne5 Nb7 21. Nxc6 Nxc5 22. Nxa7 Nd3 23. Rc7 Re8 24. b4 g5 25. fxg5 hxg5 26. Nc6 Ng6 27. Nd4 Nge5 28. Ra7 Nc4 29. Nxc4 bxc4 30. Rc7 Nb2 31. Nf3 g4 32. Ne5 Rd8 33. Nxc4 Rd1+ 34. Kg2 Nd3 35. Ne3 Rd2+ 36. Kf1 Ne5 37. Rc5 Nf3 38. Nxg4 Nxh2+ 39. Nxh2 Rxh2 40. Ra5 Rd2 41. Rxa6 Kf7 42. e5 Rd5 43. Ra5 Rd3 44. Kf2 Kg6 45. a4 Kf5 46. Rc5 Ke4 47. a5 Rd2+ 48. Ke1 Ra2 49. Kd1 Kd3 50. Kc1 Ra4 51. Rc6 Rxb4 52. Rxe6 Ra4 53. a6 Kc3 54. Rc6+ Kd4 55. e6 Kd5 56. e7 1-0

[Event "Pinneberg op Seniors 12th"]
[Site "Pinneberg"]
[Date "2011.06.30"]
[Round "3"]
[White "Linke, Harry"]
[Black "Oelrichs, Manfred"]
[Result "1/2-1/2"]
[WhiteElo "1587"]
[BlackElo "1578"]
[PlyCount "76"]
[EventDate "2011.06.16"]
[EventType "swiss"]
[EventRounds "7"]
[EventCountry "GER"]
[SourceTitle "EXT 2012"]
[Source "ChessBase"]
[SourceDate "2011.11.24"]
[SourceVersion "1"]
[SourceVersionDate "2011.11.24"]
[SourceQuality "1"]

1. e4 g6 2. d4 Nf6 3. Bd3 d5 4. e5 Nh5 5. c3 f6 6. f4 fxe5 7. fxe5 Ng7 8. Nf3 Ne6 9. 0-0 Bg7 10. Ng5 Nxg5 11. Bxg5 Be6 12. Qc2 Kd7 13. Bh4 Rf8 14. Nd2 c6 15. Nf3 Bh6 16. Rae1 Na6 17. Ng5 Bxg5 18. Rxf8 Qxf8 19. Bxg5 Nc7 20. Rf1 Qg8 21. Qf2 Re8 22. Bh6 Kc8 23. a4 a6 24. h3 Na8 25. g4 Nb6 26. b3 Nd7 27. a5 Kc7 28. Qc2 Nf8 29. c4 Kb8 30. Bc1 h5 31. cxd5 Bxd5 32. Bc4 hxg4 33. hxg4 Qe6 34. Qe2 Nd7 35. Rf2 Rh8 36. Rh2 Rf8 37. Rf2 Rh8 38. Rh2 Rf8 1/2-1/2

[Event "Pinneberg-ch"]
[Site "Pinneberg"]
[Date "2010.10.07"]
[Round "7"]
[White "Hotze, Kurt"]
[Black "Linke, Harry"]
[Result "1-0"]
[WhiteElo "1561"]
[BlackElo "1662"]
[PlyCount "90"]
[EventDate "2010.08.26"]
[EventType "swiss"]
[EventRounds "7"]
[EventCountry "GER"]
[SourceTitle "EXT 2011"]
[Source "ChessBase"]
[SourceDate "2010.11.26"]
[SourceVersion "1"]
[SourceVersionDate "2010.11.26"]
[SourceQuality "1"]

1. e4 e5 2. Nf3 Nc6 3. Bb5 Bc5 4. c3 Qf6 5. 0-0 Nge7 6. d4 exd4 7. Bg5 Qd6 8. Bxc6 Nxc6 9. b4 Bb6 10. b5 Ne5 11. Nxd4 0-0 12. Kh1 c6 13. a4 c5 14. Nf5 Qxd1 15. Rxd1 f6 16. Bh4 c4 17. Ne7+ Kf7 18. Nd5 Ba5 19. Na3 g5 20. Bg3 d6 21. Bxe5 dxe5 22. Nxc4 Bd8 23. Nd6+ Kg6 24. c4 b6 25. Nxc8 Rxc8 26. Ne3 Rf7 27. f3 Rfc7 28. h3 h5 29. a5 Rc5 30. Rd7 bxa5 31. Rxa7 Bb6 32. Ra6 Rb8 33. Rd1 Bd8 34. Rd5 Rcc8 35. Rdd6 Ra8 36. Rxa8 Rxa8 37. c5 Be7 38. Rd5 Rc8 39. c6 Bd8 40. Nc4 a4 41. Rxd8 Rxd8 42. b6 Rd1+ 43. Kh2 Rc1 44. Nxe5+ fxe5 45. b7 Rb1 1-0

[Event "Pinneberg-ch"]
[Site "Pinneberg"]
[Date "2010.09.30"]
[Round "6"]
[White "Linke, Harry"]
[Black "Schmidt, Roland"]
[Result "0-1"]
[WhiteElo "1662"]
[BlackElo "1735"]
[PlyCount "96"]
[EventDate "2010.08.26"]
[EventType "swiss"]
[EventRounds "7"]
[EventCountry "GER"]
[SourceTitle "EXT 2011"]
[Source "ChessBase"]
[SourceDate "2010.11.26"]
[SourceVersion "1"]
[SourceVersionDate "2010.11.26"]
[SourceQuality "1"]

1. e4 c6 2. d4 d5 3. Nd2 dxe4 4. Nxe4 Bf5 5. Ng3 Bg6 6. Nf3 h6 7. Bd3 Bxd3 8. Qxd3 Nf6 9. Bd2 e6 10. Ne5 Nbd7 11. f4 Qc7 12. Nxf7 Kxf7 13. 0-0 Bd6 14. f5 exf5 15. Qb3+ Kg6 16. Qe6 Bxg3 17. Qxf5+ Kf7 18. hxg3 g6 19. Qd3 Kg7 20. c4 Rhf8 21. Bf4 Qb6 22. Bd6 Rf7 23. b4 a5 24. Rab1 axb4 25. Rxb4 Qa5 26. Rxb7 Qxa2 27. d5 cxd5 28. cxd5 Re8 29. Qf3 Qa4 30. Rfb1 Qd4+ 31. Kh1 Ne4 32. Bf4 Kg8 33. Kh2 Qxd5 34. R1b5 Qc6 35. Qg4 Ne5 36. Bxe5 Rxb7 37. Rxb7 Rxe5 38. Rb8+ Kg7 39. Qc8 Rh5+ 40. Kg1 Qxc8 41. Rxc8 Nxg3 42. Rc7+ Kf6 43. Kf2 Ne4+ 44. Ke3 Nd6 45. g4 Re5+ 46. Kf3 h5 47. Rh7 Ne4 48. gxh5 Ng5+ 0-1

[Event "Pinneberg op Seniors 11th"]
[Site "Pinneberg"]
[Date "2010.07.29"]
[Round "6"]
[White "Linke, Harry"]
[Black "Raedisch, Peter"]
[Result "0-1"]
[WhiteElo "1683"]
[BlackElo "1417"]
[PlyCount "76"]
[EventDate "2010.06.24"]
[EventType "swiss"]
[EventRounds "7"]
[EventCountry "GER"]
[SourceTitle "EXT 2011"]
[Source "ChessBase"]
[SourceDate "2010.11.26"]
[SourceVersion "1"]
[SourceVersionDate "2010.11.26"]
[SourceQuality "1"]

1. e4 e5 2. Nf3 Nc6 3. Bc4 Bc5 4. c3 Qe7 5. b4 Bb6 6. a4 a5 7. b5 Nd8 8. 0-0 Nf6 9. d3 d6 10. h3 h6 11. Be3 Ba7 12. Bxa7 Rxa7 13. Qb3 b6 14. Bd5 0-0 15. Nbd2 Nh7 16. d4 Qf6 17. dxe5 dxe5 18. Qd1 Re8 19. Ra3 c6 20. bxc6 Nxc6 21. Rb3 Ne7 22. c4 Rd8 23. Qa1 Nxd5 24. exd5 Re7 25. Ne4 Qf4 26. Ned2 Rd6 27. Re1 e4 28. Qd4 Nf6 29. Rbe3 Bd7 30. Nxe4 Nxe4 31. Rxe4 Rxe4 32. Rxe4 Qc1+ 33. Re1 Qa3 34. Qf4 Bxa4 35. Ne5 Rf6 36. Qg4 Qc5 37. Nc6 Bxc6 38. dxc6 Kh7 0-1

[Event "Pinneberg op Seniors 11th"]
[Site "Pinneberg"]
[Date "2010.06.24"]
[Round "1"]
[White "Kock, Rudolf"]
[Black "Linke, Harry"]
[Result "1-0"]
[WhiteElo "1401"]
[BlackElo "1683"]
[PlyCount "23"]
[EventDate "2010.06.24"]
[EventType "swiss"]
[EventRounds "7"]
[EventCountry "GER"]
[SourceTitle "EXT 2011"]
[Source "ChessBase"]
[SourceDate "2010.11.26"]
[SourceVersion "1"]
[SourceVersionDate "2010.11.26"]
[SourceQuality "1"]

1. f4 d5 2. b3 Nf6 3. Bb2 e6 4. e3 Nc6 5. Nf3 a6 6. a3 Bd6 7. Bd3 0-0 8. 0-0 Ne4 9. Bxe4 dxe4 10. Ng5 f5 11. Qh5 h6 12. Qg6 1-0

[Event "Pinneberg-ch"]
[Site "Pinneberg"]
[Date "2009.10.01"]
[Round "6"]
[White "Kehr, Hans Joachim"]
[Black "Linke, Harry"]
[Result "1-0"]
[WhiteElo "2001"]
[BlackElo "1705"]
[PlyCount "85"]
[EventDate "2009.08.27"]
[EventType "swiss"]
[EventRounds "7"]
[EventCountry "GER"]
[SourceTitle "EXT 2012"]
[Source "ChessBase"]
[SourceDate "2011.11.24"]
[SourceVersion "1"]
[SourceVersionDate "2011.11.24"]
[SourceQuality "1"]

1. e4 e5 2. Nf3 Nc6 3. Bb5 Bc5 4. 0-0 Qf6 5. c3 Nge7 6. d3 h6 7. Be3 Bb6 8. d4 0-0 9. d5 Nb8 10. a4 a6 11. Bd3 d6 12. a5 Ba7 13. Nbd2 Ng6 14. Qe2 Nf4 15. Bxf4 Qxf4 16. g3 Qf6 17. Kg2 g6 18. Ng1 Nd7 19. f4 Qg7 20. Nc4 Nc5 21. Bc2 f5 22. fxe5 dxe5 23. exf5 e4 24. fxg6 Rxf1 25. Rxf1 Qxg6 26. Rf4 Bf5 27. g4 Rf8 28. Kh1 Nd3 29. Rxf5 Rxf5 30. Nh3 Rxd5 31. Ne3 Rxa5 32. Nf5 Ra1+ 33. Kg2 Ne1+ 34. Kg3 Qf6 35. Bb3+ Kf8 36. Qxe4 c6 37. Qb4+ Ke8 38. Qxb7 Qe5+ 39. Nf4 Bf2+ 40. Kh3 Qf6 41. Qc8+ Qd8 42. Nd6+ Ke7 43. Qe6+ 1-0

[Event "Pinneberg op Seniors 10th"]
[Site "Pinneberg"]
[Date "2009.07.09"]
[Round "3"]
[White "Linke, Harry"]
[Black "Dangelowski, Peter"]
[Result "0-1"]
[WhiteElo "1688"]
[BlackElo "1828"]
[PlyCount "82"]
[EventDate "2009.06.25"]
[EventType "swiss"]
[EventRounds "4"]
[EventCountry "GER"]
[SourceTitle "EXT 2011"]
[Source "ChessBase"]
[SourceDate "2010.11.26"]
[SourceVersion "1"]
[SourceVersionDate "2010.11.26"]
[SourceQuality "1"]

1. e4 c5 2. Ne2 Nc6 3. g3 d5 4. Bg2 dxe4 5. Bxe4 Nf6 6. Bg2 e5 7. d3 Be7 8. 0-0 0-0 9. Nbc3 Nd4 10. h3 Bf5 11. Kh2 Qd7 12. Bg5 Rad8 13. Bxf6 Bxf6 14. Nd5 Bg5 15. f4 exf4 16. Nexf4 Rfe8 17. Re1 Rxe1 18. Qxe1 Nxc2 19. Qg1 Nxa1 20. Qxa1 Bxf4 21. gxf4 Bxd3 22. b3 Qd6 23. Qc3 Bf5 24. Qg3 f6 25. Ne3 Bg6 26. Bd5+ Kf8 27. Bxb7 Qd2+ 28. Ng2 Re8 29. Qf3 Qe2 30. Qc3 Qe7 31. Bf3 Qd6 32. h4 Be4 33. Kg3 f5 34. h5 Bxf3 35. Qxf3 Re4 36. Ne3 g6 37. Nc4 Qd4 38. hxg6 hxg6 39. a3 g5 40. fxg5 Rg4+ 41. Kh3 Qh8# 0-1